Puedo ser mejor docente?

שמור ב:
מידע ביבליוגרפי
מחבר ראשי: Aravena Barrios, José (Author)
פורמט: ספר
שפה:ספרדית
יצא לאור: Santiago OREALC 1985
סדרה:Instrumentos Prácticos, 3
נושאים:
תגים: הוספת תג
אין תגיות, היה/י הראשונ/ה לתייג את הרשומה!

MARC

LEADER 00000nam a2200000 a 4500
001 UCW3601
003 CL-VaPUC
008 881122e19850000CL |||||||||||||||||spa|d
082 0 4 |a 372.19  |b ARA  |2 21 
100 0 |a Aravena Barrios, José  |e author  |9 307912 
245 1 0 |a Puedo ser mejor docente? 
300 |a 39 p 
942 |c BK 
945 |d 19881122 00:00:00 
260 |a Santiago  |b OREALC  |c 1985 
650 7 |a FORMACION PROFESIONAL DE MAESTROS  |2 CL-VaPUC  |9 255350 
650 0 |a Currículo  |9 307290 
583 |a last modification  |c 19881122 00:00:00  |k Rodrigo Vera 
490 0 |a Instrumentos Prácticos, 3 
999 |c 217554  |d 217552 
952 |0 0  |1 0  |4 0  |6 372_190000000000000_ARA_1985  |7 0  |8 P  |9 205432  |a BIBEDU  |b BIBEDU  |c BIBEDU_PB  |d 2019-11-15  |i 2733374  |o 372.19 ARA 1985  |p 2733374  |r 2024-01-25  |w 2019-11-15  |y BK  |k EDU 
952 |0 0  |1 0  |4 0  |6 372_190000000000000_ARA_1985  |7 0  |8 P  |9 205433  |a BIBEDU  |b BIBEDU  |c BIBEDU_PB  |d 2019-11-15  |i 1601989  |o 372.19 ARA 1985  |p 1601989  |r 2024-01-25  |w 2019-11-15  |y BK  |k EDU